Welcome to CU Library Online Public Access Catalogue (OPAC)

Perspectives in Nursing 1985-1987/ (Record no. 7803)

MARC details
000 -LEADER
fixed length control field 00507nam a22001457a 4500
005 - DATE AND TIME OF LATEST TRANSACTION
control field 20251027102911.0
008 - FIXED-LENGTH DATA ELEMENTS--GENERAL INFORMATION
fixed length control field 251027b |||||||| |||| 00| 0 eng d
020 ## - INTERNATIONAL STANDARD BOOK NUMBER
International Standard Book Number 0887371698
050 ## - LIBRARY OF CONGRESS CALL NUMBER
Classification number RT4
Item number .N55
110 ## - MAIN ENTRY--CORPORATE NAME
Corporate name or jurisdiction name as entry element National League for Nursing
245 ## - TITLE STATEMENT
Title Perspectives in Nursing 1985-1987/
Remainder of title based on presentations at the seventeenth nln biennial convention
Statement of responsibility, etc. National League for Nursing
260 ## - PUBLICATION, DISTRIBUTION, ETC.
Place of publication, distribution, etc. New York
Name of publisher, distributor, etc. National League for Nursing
Date of publication, distribution, etc. 1985
300 ## - PHYSICAL DESCRIPTION
Extent viii. 2374p.
Other physical details ill.
Dimensions 23cm
942 ## - ADDED ENTRY ELEMENTS (KOHA)
Source of classification or shelving scheme Library of Congress Classification
Koha item type Books
Suppress in OPAC No
999 ## -
-- 7803
-- 7803
Holdings
Withdrawn status Lost status Source of classification or shelving scheme Damaged status Not for loan Collection Home library Current library Shelving location Date acquired Total checkouts Full call number Barcode Date last seen Copy number Price effective from Koha item type
    Library of Congress Classification     Non-fiction Science Library (Miotso) Science Library (Miotso) General stacks 10/27/2025   RT4 .N55 NLN SLM00004547 10/27/2025 1 10/27/2025 Books
© 2023-2024 Copyright: Central University Libraries. All Rights Reserved | Created by: Mahone Tech Office